• 首页
  • 本馆介绍
  • 公告通知
  • 最新文献
  • 馆藏检索
  • 电子资源
  • 读者导购
  • 参考咨询
  • 我的图书馆
  • 登录
  • 详细信息显示
  • 放入我的书架
  • 预约/预借图书
  • 作者相关作品
  • 分类相关作品
  • 丛书相关作品
  • 出版社相关作品

书目信息

  • 表格格式
  • 工作单格式
  • 卡片格式
题名:
文学思想研究与文学语言观透视
    
 
作者: 聂风云 著
分册:  
出版信息: 北京   中国纺织出版社  2019
页数: 206页
开本: 21cm
丛书名:
单 册:
中图分类: I045 , I209
科图分类:
主题词: 文学语言--wen xue yu yan--研究 , 中国文学--zhong guo wen xue--文学思想史--研究
电子资源:
ISBN: 978-7-5180-4680-5
000 01218cam0 2200277 450
001 012001006555
005 20140101085135.0
010    @a978-7-5180-4680-5@dCNY57.00
099    @aCAL 012019034138
100    @a20181219d2019 em y0chiy50 ea
101 0  @achi
102    @aCN@b110000
105    @ay a 000yy
106    @ar
200 1  @a文学思想研究与文学语言观透视@Awen xue si xiang yan jiu yu wen xue yu yan guan tou shi@f聂风云著
210    @a北京@c中国纺织出版社@d2019
215    @a206页@d21cm
320    @a有书目 (第202-205页)
330    @a本书运用中国文学思想史的研究方法,结合诸多现当代作家、学者的人格心态及其文学理论和创作成果,从文学本质、文学作品、文学创作、文学发展、文学接受等几个方面,系统寻绎、整理与总结,展示其中所蕴含的典范价值。又试图从语言的角度审查,不同语言观下的文学理论问题,希望从动态的角度,打开看待语言与文学之间的关系的崭新维度,实现文学从以言表意到以言行事以及语言分析的“合璧”,对于文学在当下的价值问题做出尽可能的尝试。
606 0  @a文学语言@Awen xue yu yan@x研究
606 0  @a中国文学@Azhong guo wen xue@x文学思想史@x研究
690    @aI045@v5
690    @aI209@v5
701  0 @a聂风云@Anie feng yun@4著
801  0 @aCN@b上海新华@c20191020
905    @b1131820-3@dI045@e164@f4
    
    文学思想研究与文学语言观透视/聂风云著.-北京:中国纺织出版社,2019
    206页;21cm
    
    
    ISBN 978-7-5180-4680-5:CNY57.00
    本书运用中国文学思想史的研究方法,结合诸多现当代作家、学者的人格心态及其文学理论和创作成果,从文学本质、文学作品、文学创作、文学发展、文学接受等几个方面,系统寻绎、整理与总结,展示其中所蕴含的典范价值。又试图从语言的角度审查,不同语言观下的文学理论问题,希望从动态的角度,打开看待语言与文学之间的关系的崭新维度,实现文学从以言表意到以言行事以及语言分析的“合璧”,对于文学在当下的价值问题做出尽可能的尝试。
●
相关链接 在E读中查询图书 在五车中查询图书 在当当中查询图书 在豆瓣中查询图书


正题名:文学思想研究与文学语言观透视     索取号:I045/164         预约/预借

序号 登录号 条形码 馆藏地/架位号 状态 备注
1 1131820   211318206   第一样本阅览室/ [索取号:I045/164] 在馆    
2 1131821   211318215   第二借阅区/ [索取号:I045/164] 在馆    
3 1131822   211318224   第二借阅区/ [索取号:I045/164] 在馆    
4 1131823   211318233   第二借阅区/ [索取号:I045/164] 在馆    
唐山师范学院图书馆 欢迎您!
大连网信软件有限公司© 版权所有